00293 a2200121 4500001000700000020001700007040003500024100003700059240003200096245002700128300000700155362000900162156808 a978852602242 cEscola São Tomás de Aquino aQUEIRÓS, Bartolomeu Campos de 10aDe bichos e não sólpor10aDe bichos e não só a310 a2016